000 00611nam a2200193 i 4500
001 123559
003 ES-MaACL
005 20250602063225.0
007 t|
008 070214s1966 sp r ||||1| spa d
100 1 _aRahner, Karl,
_d1904-1984
_995012
245 1 3 _aEl año litúrgico
_b: meditaciones breves /
_cKarl Rahner ; versión castellana de J. Iturriaga.
260 _aBarcelona :
_bHerder,
_c1966.
300 _a143 p. ;
_c18 cm.
650 0 4 _aAño litúrgico-
_vMeditaciones.
_99904
700 1 _aIturriaga, J.
_965630
852 _aES-MaACL
_jC-30570
_bR.60792
999 _c123559
_d123559